| 000 | 00687nam a22002417a 4500 | ||
|---|---|---|---|
| 003 | UA-OsUOA | ||
| 001 | 43032 | ||
| 007 | ta | ||
| 008 | 20061205b un ||||| |||| 00| 0 ukr d | ||
| 100 | _aЛеонтьева В. Н. | ||
| 090 |
_a008(075..8) _bЛ47 |
||
| 942 | _cBK | ||
| 040 |
_aUA-OsUOA _brus _cUA-OsUOA _dUA-OsUOA |
||
| 245 | _aКультуротворческий процесс основания и начала | ||
| 300 | _a216 с. | ||
| 955 | _a2 | ||
| 041 | _arus | ||
| 080 | _a008(075..8) | ||
| 020 | _a966-7920-35-6 | ||
| 260 |
_aХарків _bКОНСУМ _c2003 |
||
| 650 | 7 |
_a008 Цивілізація. Культура. Прогрес _2UDC |
|
| 999 |
_c329158 _d329158 |
||